Images - Les 50 meilleurs joueurs du XXème siècle selon L'IFFHS - Statistiques

Statistiques générales
  • Ce quiz a été pris 546 fois
  • Le résultat moyen est 16 sur 50
Statistiques - réponses
Par images Réponse % Correct
Pelé
99%
Diego Maradona
96%
Johan Cruyff
96%
Michel Platini
92%
Eusébio
82%
Franz Beckenbauer
80%
Ruud Gullit
79%
Alfredo Di Stéfano
72%
Garrincha
69%
George Weah
69%
Ferenc Puskás
68%
Gerd Müller
67%
Marco van Basten
61%
Bobby Charlton
58%
George Best
58%
Zico
57%
Lothar Matthäus
56%
Franco Baresi
51%
Bobby Moore
41%
Roger Milla
39%
Just Fontaine
25%
Hugo Sánchez
22%
Raymond Kopa
16%
Giuseppe Meazza
13%
Karl-Heinz Rummenigge
11%
Francisco Paco Gento
10%
Gianni Rivera
10%
Kevin Keegan
10%
Stanley Matthews
8%
Giacinto Facchetti
7%
Didi
5%
Téofilo Cubillas
5%
Denis Law
4%
Josef Bican
4%
Omar Sivori
4%
Josef Masopust
3%
László Kubala
3%
Matthias Sindelar
3%
Sándor Kocsis
3%
Sandro Mazzola
3%
Uwe Seeler
3%
Elías Figueroa
2%
Fritz Walter
2%
José Leandro Andrade
2%
Juan Alberto Schiaffino
2%
Zizinho
2%
Arsenio Erico
1%
Gunnar Nordahl
1%
Hector Scarone
1%
José Manuel Moreno
1%
Aucun quiz correspondant
Distribution des résultats
% des personnes avec chaque résultat
Percentile par nombre de réponses
Votre historique - résultats
Vous n’avez pas pris ce quiz